000 00648nam a2200217 a 4500
999 _c14372
_d14372
020 _a047088939X (paperback)
020 _a9780470889398 (paperback)
082 _a621.31 MOM
100 1 _aMomoh, James.
245 1 0 _aSmart Grid : Fundamentals of Design and Analysis
260 _aNew Jersey,
_bWiley and Sons,
_c2012.
300 _aXIV,216 p. ;
650 _aElectric power distribution
650 _aAutomation
650 _aSmart power grids
650 _aTechnological innovations
650 _aElectric power systems
650 _aElectric power distribution
856 4 0 _uhttp://10.10.170.122:8080/browse/book/24082
942 _cBK